Menová politika maďarskej centrálnej banky diplomová práca

Gespeichert in:
Bibliographische Detailangaben
1. Verfasser: Pék, Adrián
Körperschaft: Národohospodárska fakulta EU. Katedra bankovníctva a medzinárodných financií
Weitere Verfasser: Nemec, Marián
Format: Buch
Sprache:Slowakisch
Veröffentlicht: Bratislava 2012
Tags: Tag hinzufügen
Keine Tags, Fügen Sie das erste Tag hinzu!

MARC

LEADER 00000nbm a2200000 4500
001 0153439
005 20161109102113.6
041 0 |a slo 
044 |a SK 
245 1 0 |a Menová politika maďarskej centrálnej banky  |b diplomová práca  |c Adrián Pék ; školiteľ: Marián Nemec 
264 1 |a Bratislava  |c 2012 
300 |a 55 s. 
100 1 |a Pék, Adrián 
700 1 |a Nemec, Marián 
710 2 |a Národohospodárska fakulta EU. Katedra bankovníctva a medzinárodných financií